00511nam a2200193 a 4500001001300000003000900013005001700022008004100039020001000080082001300090100002200103245005200125260004200177300000900219500003500228505001000263650002200273700002200295nice12345678IN_TiNIC20260116011256.0050524s1952 graa grp 000 0 eng  ac10000a239bWIL aWilson, J Christy aApostle to Islamb Biography of Samuel M Zwemer aGrand RapidsbBaker Book House c1952 a261p aincludes index and biblioraphy2 aindex aEvangelistic Work1 aWilson, J Christy